| 000 | 00730nam a22002535a 4500 | ||
|---|---|---|---|
| 001 | 17615416 | ||
| 005 | 20140930151323.0 | ||
| 008 | 130206s2013 cau 000 0 eng | ||
| 010 | _a 2013932564 | ||
| 020 | _a9781446253373 (hardback) | ||
| 020 | _a9781446253380 (pbk.) | ||
| 040 |
_aDLC _cDLC |
||
| 042 | _apcc | ||
| 050 |
_aPN 4784.S6 _b.Sp764 2014 |
||
| 245 | 1 | 0 |
_aSports journalism : _ba practical introduction / |
| 250 | _a2nd ed. | ||
| 260 |
_aThousand Oaks, CA : _bSage Publications, _c2014. |
||
| 263 | _a1311 | ||
| 300 |
_a180 pages : _billustrations ; _c24 cm. |
||
| 521 | _aMass Communication | ||
| 906 |
_a0 _bibc _corignew _d2 _eepcn _f20 _gy-gencatlg |
||
| 942 |
_2lcc _cBK _kFOR |
||
| 999 |
_c275963 _d275963 |
||